000 00459cam a2200169 4500
001 D14361
008 090401t1957 xxu||||| |||| 00| 0 eng d
035 _a(Sirsi) u15089
041 _aeng
100 _aWalton, Raymond
245 3 _aAn introduction to the law of sales of land for auctioneers, estate agents, surveyors, and others
260 _aLondon
_bEstates Gazette
_c1957
350 _a0
520 _aShelf 136
942 _n0
948 _c04/03/1997
999 _c87249
_d87249